Leadership in organizations / (Registro nro. 52452)
[ vista simple ]
| 000 -LEADER | |
|---|---|
| fixed length control field | 01173cam a2200313 i 4500 |
| 001 - CONTROL NUMBER | |
| control field | 52452 |
| 003 - CONTROL NUMBER IDENTIFIER | |
| control field | Mx-PuUPA |
| 005 - DATE AND TIME OF LATEST TRANSACTION | |
| control field | 20220707134023.0 |
| 008 - FIXED-LENGTH DATA ELEMENTS--GENERAL INFORMATION | |
| fixed length control field | 140415s2006 njua fr 001 0 eng d |
| 020 ## - INTERNATIONAL STANDARD BOOK NUMBER | |
| International Standard Book Number | 0131494848 |
| Qualifying information | rústica |
| -- | papel alcalino |
| 040 ## - CATALOGING SOURCE | |
| Original cataloging agency | Mx-PuUPA |
| Language of cataloging | spa |
| Transcribing agency | Mx-PuUPA |
| Modifying agency | Mx-PuUPA |
| Description conventions | rda |
| 041 0# - LANGUAGE CODE | |
| Language code of text/sound track or separate title | eng |
| 100 1# - MAIN ENTRY--PERSONAL NAME | |
| Personal name | Yukl, Gary A., |
| Relator term | autor |
| Dates associated with a name | 1940- |
| 9 (RLIN) | 11863 |
| 245 10 - TITLE STATEMENT | |
| Title | Leadership in organizations / |
| Statement of responsibility, etc. | Gary Yukl |
| 250 ## - EDITION STATEMENT | |
| Edition statement | Sixth edition |
| 264 #1 - PRODUCTION, PUBLICATION, DISTRIBUTION, MANUFACTURE, AND COPYRIGHT NOTICE | |
| Place of production, publication, distribution, manufacture | Upper Saddle River, New Jersey : |
| Name of producer, publisher, distributor, manufacturer | Pearson Education, |
| Date of production, publication, distribution, manufacture, or copyright notice | ©2006 |
| 300 ## - PHYSICAL DESCRIPTION | |
| Extent | xvi, 542 páginas : |
| Other physical details | ilustraciones ; |
| Dimensions | 24 cm |
| 336 ## - CONTENT TYPE | |
| Fuente | rdacontent |
| Content type term | texto |
| Content type code | txt |
| 337 ## - MEDIA TYPE | |
| Source | rdamedia |
| Media type term | sin medio |
| Media type code | n |
| 338 ## - CARRIER TYPE | |
| Source | rdacarrier |
| Carrier type term | volumen |
| Carrier type code | nc |
| 650 #7 - SUBJECT ADDED ENTRY--TOPICAL TERM | |
| Source of heading or term | armarc |
| Topical term or geographic name entry element | Liderazgo |
| 650 #7 - SUBJECT ADDED ENTRY--TOPICAL TERM | |
| Source of heading or term | armarc |
| Topical term or geographic name entry element | Toma de decisiones |
| 650 #7 - SUBJECT ADDED ENTRY--TOPICAL TERM | |
| Source of heading or term | armarc |
| Topical term or geographic name entry element | Organización |
| 767 08 - TRANSLATION ENTRY | |
| Relationship information | Traducido como: |
| Main entry heading | Yukl, Gary A., 1940- |
| Title | Liderazgo en las organizaciones |
| Record control number | (Mx-PuUPA) 64374 |
| International Standard Book Number | 9788483223444 |
| 773 08 - HOST ITEM ENTRY | |
| Relationship information | Traducido como: |
| Main entry heading | Yukl, Gary A., 1940- |
| Title | Liderazgo en las organizaciones |
| Record control number | (Mx-PuUPA) 64374 |
| International Standard Book Number | 9788483223444 |
| 942 ## - ADDED ENTRY ELEMENTS (KOHA) | |
| Source of classification or shelving scheme | Dewey Decimal Classification |
| Koha item type | Libro |
| Classification part | 303.34 |
| Item part | Y94 |
| Withdrawn status | Lost status | Source of classification or shelving scheme | Damaged status | Not for loan | Collection code | Home library | Current library | Shelving location | Date acquired | Source of acquisition | Total Checkouts | Full call number | Barcode | Date last seen | Date last checked out | Price effective from | Koha item type |
|---|---|---|---|---|---|---|---|---|---|---|---|---|---|---|---|---|---|
| Dewey Decimal Classification | General | Biblioteca Karol Wojtyla | Biblioteca Karol Wojtyla | Sala general | 03/12/2013 | Compra | 303.34 Y94 2006 | 77957 | 05/01/2026 | 06/04/2018 | 03/12/2013 | Libro |